000
00306nam a2200133Ia 4500
005
20251218184122.0
008
251218s9999 xx 000 0 und d
082
_a
SIC.74
100
_a
Corporación técnica
245
0
_a
Aprendiendo módulo II fasciculo 3
250
_a
245
_a
264
_b
GTZ
942
_c
LIB
999
_c
77
_d
77